Geographic dimensions of well-being in Kenya : (Record no. 213)

MARC details
000 -LEADER
fixed length control field 01129cam a2200325 a 4500
001 - CONTROL NUMBER
control field 13667246
003 - CONTROL NUMBER IDENTIFIER
control field OSt
005 - DATE AND TIME OF LATEST TRANSACTION
control field 20230602155502.0
008 - FIXED-LENGTH DATA ELEMENTS--GENERAL INFORMATION
fixed length control field 040218m20039999ke ab bs f000 0 eng
010 ## - LIBRARY OF CONGRESS CONTROL NUMBER
LC control number 2003408773
020 ## - INTERNATIONAL STANDARD BOOK NUMBER
International Standard Book Number 9291461490
035 ## - SYSTEM CONTROL NUMBER
System control number (DLC) 2003408773
040 ## - CATALOGING SOURCE
Original cataloging agency DLC
Transcribing agency DLC
Modifying agency DLC
042 ## - AUTHENTICATION CODE
Authentication code lcode
043 ## - GEOGRAPHIC AREA CODE
Geographic area code f-ke---
082 00 - DEWEY DECIMAL CLASSIFICATION NUMBER
Classification number 305.569
Item number CBS
245 00 - TITLE STATEMENT
Title Geographic dimensions of well-being in Kenya :
Remainder of title where are the poor? : from districts to locations /
Statement of responsibility, etc. [written by Godfrey Ndeng'e ... et al.].
260 ## - PUBLICATION, DISTRIBUTION, ETC. (IMPRINT)
Place of publication, distribution, etc. [Nairobi] :
Name of publisher, distributor, etc. Central Bureau of Statistics, Ministry of Planning and National Development,
Date of publication, distribution, etc. c2003-
300 ## - PHYSICAL DESCRIPTION
Extent 77
Other physical details ill. (some col.), col. maps ;
Dimensions 25 x 35 cm. +
440 ## - SERIES STATEMENT/ADDED ENTRY--TITLE
Volume/sequential designation 2
500 ## - GENERAL NOTE
General note Cover title.
504 ## - BIBLIOGRAPHY, ETC. NOTE
Bibliography, etc Includes bibliographical references (p. 163).
650 #0 - SUBJECT ADDED ENTRY--TOPICAL TERM
Topical term or geographic name as entry element Poor
Geographic subdivision Kenya.
700 1# - ADDED ENTRY--PERSONAL NAME
Personal name Ndeng'e, Godfrey.
710 1# - ADDED ENTRY--CORPORATE NAME
Corporate name or jurisdiction name as entry element Kenya.
Subordinate unit Central Bureau of Statistics.
906 ## - LOCAL DATA ELEMENT F, LDF (RLIN)
a 7
b cbc
c origode
d 2
e ncip
f 20
g y-gencatlg
942 ## - ADDED ENTRY ELEMENTS (KOHA)
Source of classification or shelving scheme Dewey Decimal Classification
Koha item type Books
Holdings
Withdrawn status Lost status Source of classification or shelving scheme Damaged status Not for loan Home library Current library Date acquired Total Checkouts Full call number Barcode Date last seen Price effective from Koha item type
    Dewey Decimal Classification     Bunge Tower Library Bunge Tower Library 06/02/2023   305.569 CBS 10015018 06/02/2023 06/02/2023 Books
LIBRARY OPENING HOURS

When the Parliament is sitting: 8.00a.m - 7.00p.m or until the house adjourns
Mondays and Fridays and when the House is on Recess:  8.00a.m - 5.00p.m
Closed on Weekends and Public Holidays

Online Public Access Catalog (OPAC)
Website: http://www.parliament.go.ke
Bunge Library: https://libraryir.parliament.go.ke
Contact: library@parliament.go.ke | Tel no: (254-2)2221291 or 2848000 Ext 5043